000
00253nam a22001217a 4500
008
171124b xxu||||| |||| 00| 0 eng d
041
_a
eng
080
_a
37
100
_a
47
101
_a
EDU
245
_a
SOCIAL ISSUESS
_c
SABRINA.Z
942
_2
udc
_c
BK
999
_c
38522
_d
38522